000 00476cab a2200181 4500
001 ABS36812
008 090401t1986 xxu||||| |||| 00| 0 eng d
035 _a(Sirsi) u424
041 _aeng
245 _aLegionnaires Disease
260 _c1986
350 _a0
490 _aBuilding Services
_v8 (9) September 1986, p65-69 (5)
520 _aThree articles which look at aspects of Legionnaires disease .
690 _aBUILT ENVIRONMENT
942 _n0
948 _c04/03/1997
999 _c174
_d174